[Event "3MCR_4D_2LB_1S"]
[Site "?"]
[Date "1999.??.??"]
[Round "1"]
[White "Horacek, Jiri"]
[Black "Hlavacek, Rudolf"]
[Result "1/2-1/2"]
[WhiteElo "2185"]
[BlackElo "2250"]
[PlyCount "36"]
[EventDate "1999.??.??"]
[EventType "corr"]

1. d4 d5 2. c4 e6 3. Nc3 c6 4. Nf3 Nf6 5. e3 Nbd7 6. Bd3 dxc4 7. Bxc4 b5 8. Bd3
a6 9. e4 c5 10. d5 c4 11. dxe6 fxe6 12. Bc2 Qc7 13. O-O Bc5 14. e5 Nxe5 15. Bf4
Bd6 16. Bxe5 Bxe5 17. Nxe5 Qxe5 18. Re1 Qc5 1/2-1/2

[Event "3MCR_4D_2LB_1S"]
[Site "?"]
[Date "1999.??.??"]
[Round "1"]
[White "Straka, Zdenek"]
[Black "Klempar, Miloslav"]
[Result "1/2-1/2"]
[WhiteElo "2265"]
[BlackElo "2290"]
[PlyCount "25"]
[EventDate "1999.??.??"]
[EventType "corr"]

1. e4 c5 2. Nf3 d6 3. d4 cxd4 4. Nxd4 Nf6 5. Nc3 a6 6. Be2 e5 7. Nb3 Be7 8. O-O
O-O 9. Be3 Nbd7 10. f4 Qc7 11. Qd2 b5 12. Rad1 Nb6 13. Qd3 1/2-1/2

[Event "3MCR_4D_2LB_1S"]
[Site "?"]
[Date "1999.??.??"]
[Round "1"]
[White "Straka, Zdenek"]
[Black "Janous, Petr"]
[Result "1/2-1/2"]
[WhiteElo "2265"]
[BlackElo "2000"]
[PlyCount "33"]
[EventDate "1999.??.??"]
[EventType "corr"]

1. e4 e5 2. Nf3 Nc6 3. Bb5 a6 4. Ba4 Nf6 5. O-O Be7 6. Nc3 b5 7. Bb3 d6 8. Nd5
Na5 9. Nxe7 Qxe7 10. d3 O-O 11. Bg5 Nxb3 12. axb3 c5 13. h3 h6 14. Bh4 Qe6 15.
Nh2 Bb7 16. Qf3 Ne8 17. g4 1/2-1/2

[Event "3MCR_4D_2LB_1S"]
[Site "?"]
[Date "1999.??.??"]
[Round "1"]
[White "Kolar, Pavel"]
[Black "Straka, Zdenek"]
[Result "1-0"]
[WhiteElo "2180"]
[BlackElo "2265"]
[PlyCount "41"]
[EventDate "1999.??.??"]
[EventType "corr"]

1. e4 e5 2. f4 exf4 3. Bc4 Nf6 4. Nc3 c6 5. d4 Bb4 6. e5 Ne4 7. Kf1 Nxc3 8.
bxc3 d5 9. cxb4 dxc4 10. Bxf4 O-O 11. Nf3 Bg4 12. h3 Bxf3 13. gxf3 f6 14. Rg1
fxe5 15. Bh6 Rf7 16. dxe5 Qf8 17. e6 Re7 18. Kf2 c5 19. Qd5 Nc6 20. Rxg7+ Rxg7
21. Rg1 1-0

[Event "3MCR_4D_2LB_1S"]
[Site "?"]
[Date "1999.??.??"]
[Round "1"]
[White "Konicek, Petr"]
[Black "Janous, Petr"]
[Result "0-1"]
[WhiteElo "2035"]
[BlackElo "2000"]
[PlyCount "30"]
[EventDate "1999.??.??"]
[EventType "corr"]

1. c4 e5 2. Nf3 e4 3. Nd4 d5 4. e3 c5 5. Nc2 dxc4 6. Bxc4 Nc6 7. Qh5 g6 8. Qd5
Qe7 9. Bb5 Bd7 10. d3 a6 11. Bc4 Nf6 12. Qg5 h6 13. Qf4 b5 14. dxe4 bxc4 15.
Nc3 Ne5 0-1

[Event "3MCR_4D_2LB_1S"]
[Site "?"]
[Date "1999.??.??"]
[Round "1"]
[White "Konicek, Petr"]
[Black "Horacek, Jiri"]
[Result "0-1"]
[WhiteElo "2035"]
[BlackElo "2185"]
[PlyCount "36"]
[EventDate "1999.??.??"]
[EventType "corr"]

1. c4 Nf6 2. Nc3 e6 3. e4 c5 4. Nf3 Nc6 5. d4 cxd4 6. Nxd4 Bb4 7. Nxc6 dxc6 8.
Qxd8+ Kxd8 9. Bd2 e5 10. f3 Ke7 11. Be2 Rd8 12. O-O-O Be6 13. a3 Bc5 14. h4 Nh5
15. Be1 Bd4 16. g4 Nf4 17. Rh2 Nxe2+ 18. Nxe2 Bxb2+ 0-1

[Event "3MCR_4D_2LB_1S"]
[Site "?"]
[Date "1999.??.??"]
[Round "1"]
[White "Konicek, Petr"]
[Black "Klempar, Miloslav"]
[Result "1-0"]
[WhiteElo "2035"]
[BlackElo "2290"]
[PlyCount "55"]
[EventDate "1999.??.??"]
[EventType "corr"]

1. c4 Nf6 2. Nc3 e6 3. e4 c5 4. Nf3 Nc6 5. a3 d5 6. cxd5 exd5 7. e5 Ne4 8. d3
Nxc3 9. bxc3 Be7 10. d4 Bg4 11. Be2 O-O 12. O-O Qd7 13. Be3 f6 14. h3 Bf5 15.
c4 fxe5 16. Nxe5 Nxe5 17. dxe5 d4 18. Bd2 Qe6 19. f4 d3 20. Bf3 Qxc4 21. Bxb7
Qd4+ 22. Kh1 Rad8 23. Qf3 Be6 24. Be3 Bd5 25. Bxd4 Bxf3 26. Bxc5 Bxg2+ 27. Kxg2
d2 28. Bxe7 1-0

[Event "3MCR_4D_2LB_1S"]
[Site "?"]
[Date "1999.??.??"]
[Round "1"]
[White "Omelka, Roman"]
[Black "Biolek, Richard"]
[Result "1-0"]
[WhiteElo "2170"]
[BlackElo "2130"]
[PlyCount "49"]
[EventDate "1999.??.??"]
[EventType "corr"]

1. e4 e6 2. d4 d5 3. Nc3 Nf6 4. Bg5 Bb4 5. e5 h6 6. Bd2 Bxc3 7. bxc3 Ne4 8. Qg4
g6 9. Bd3 Nxd2 10. Kxd2 c5 11. h4 Qe7 12. h5 g5 13. f4 gxf4 14. Qg7 Qf8 15.
Qxf8+ Rxf8 16. Rf1 f5 17. exf6 Rxf6 18. Rh4 Nc6 19. Rhxf4 Rxf4 20. Rxf4 cxd4
21. Rf6 Ke7 22. Rxh6 e5 23. cxd4 e4 24. Rh8 exd3 25. h6 1-0

[Event "3MCR_4D_2LB_1S"]
[Site "?"]
[Date "1999.??.??"]
[Round "1"]
[White "Omelka, Roman"]
[Black "Konicek, Petr"]
[Result "1-0"]
[WhiteElo "2170"]
[BlackElo "2035"]
[PlyCount "57"]
[EventDate "1999.??.??"]
[EventType "corr"]

1. e4 e5 2. Nf3 Nc6 3. Bb5 Nd4 4. Nxd4 exd4 5. O-O c6 6. Ba4 d6 7. d3 Nf6 8.
Nd2 Be7 9. f4 O-O 10. Nf3 b5 11. Bb3 c5 12. Qe1 Bb7 13. a4 b4 14. f5 Qc7 15.
Qg3 Ne8 16. a5 Bf6 17. a6 Bc6 18. Bf4 Bb5 19. Bd5 Rd8 20. Qh3 Qe7 21. g4 h6 22.
Qg3 Nc7 23. Bb3 Bg5 24. Ra5 Rd7 25. h4 Bxf4 26. Qxf4 Rb8 27. g5 hxg5 28. hxg5
Kf8 29. f6 1-0

[Event "3MCR_4D_2LB_1S"]
[Site "?"]
[Date "1999.??.??"]
[Round "1"]
[White "Klempar, Miloslav"]
[Black "Zitek, Svatoslav"]
[Result "1/2-1/2"]
[WhiteElo "2290"]
[BlackElo "1800"]
[PlyCount "42"]
[EventDate "1999.??.??"]
[EventType "corr"]

1. d4 d5 2. c4 Nc6 3. Nc3 dxc4 4. Nf3 Nf6 5. e4 Bg4 6. Be3 e6 7. Qa4 Nd7 8.
Qxc4 Bxf3 9. gxf3 Qf6 10. O-O-O Nb6 11. Qb3 O-O-O 12. d5 exd5 13. exd5 Ne5 14.
Rg1 Nxf3 15. Rg3 Be7 16. d6 Rxd6 17. Rxd6 Bxd6 18. Bh3+ Kb8 19. Ne4 Qe7 20.
Nxd6 Qxd6 21. Bxb6 Qd2+ 1/2-1/2

[Event "3MCR_4D_2LB_1S"]
[Site "?"]
[Date "1999.??.??"]
[Round "1"]
[White "Biolek, Richard"]
[Black "Konicek, Petr"]
[Result "1-0"]
[WhiteElo "2130"]
[BlackElo "2035"]
[PlyCount "57"]
[EventDate "1999.??.??"]
[EventType "corr"]

1. e4 e5 2. Bc4 Nc6 3. Nc3 Nf6 4. d3 Na5 5. a3 Nxc4 6. dxc4 d6 7. Qd3 Be7 8.
Nge2 O-O 9. Ng3 Ne8 10. O-O Bg5 11. f4 Bf6 12. f5 Bg5 13. Bxg5 Qxg5 14. Rf3 Bd7
15. Raf1 Qe7 16. f6 gxf6 17. Nd5 Qd8 18. Nh5 f5 19. Rxf5 Bxf5 20. Rxf5 f6 21.
Qg3+ Kh8 22. Ndxf6 Rxf6 23. Rxf6 Qe7 24. Rf5 Ng7 25. Nxg7 Qxg7 26. Qxg7+ Kxg7
27. Kf2 a5 28. Ke3 Rb8 29. Kd3 1-0

[Event "3MCR_4D_2LB_1S"]
[Site "?"]
[Date "1999.??.??"]
[Round "1"]
[White "Hlavacek, Rudolf"]
[Black "Konicek, Petr"]
[Result "1-0"]
[WhiteElo "2250"]
[BlackElo "2035"]
[PlyCount "57"]
[EventDate "1999.??.??"]
[EventType "corr"]

1. d4 Nf6 2. c4 g6 3. Nc3 Bg7 4. e4 d6 5. f3 O-O 6. Bg5 Nbd7 7. Qd2 e5 8. d5
Nc5 9. O-O-O Qd7 10. g4 Ne8 11. h4 f5 12. gxf5 gxf5 13. Be3 f4 14. Bf2 Nf6 15.
Nh3 Qf7 16. Ng5 Qh5 17. Bxc5 dxc5 18. Bh3 Bxh3 19. Rxh3 b6 20. Rg1 Ne8 21. Ne6
Rf7 22. Rg5 Qh6 23. Qg2 Nd6 24. Rh1 Re8 25. Rg1 Ree7 26. Qh3 a6 27. Nd1 Nxc4
28. Nxg7 Rxg7 29. Qc8+ 1-0

[Event "3MCR_4D_2LB_1S"]
[Site "?"]
[Date "1999.??.??"]
[Round "1"]
[White "Zitek, Svatoslav"]
[Black "Sebek, Pavel"]
[Result "1-0"]
[WhiteElo "1800"]
[BlackElo "2065"]
[PlyCount "43"]
[EventDate "1999.??.??"]
[EventType "corr"]

1. e4 c5 2. d4 cxd4 3. c3 dxc3 4. Nxc3 Nc6 5. Nf3 e6 6. Bc4 a6 7. O-O d6 8. Qe2
Be7 9. Rd1 Qc7 10. Bf4 Ne5 11. Bxe5 dxe5 12. Rac1 Nf6 13. Nb5 Qb8 14. Nc7+ Kf8
15. Nxa8 Qxa8 16. Nxe5 b5 17. Bd3 Bb7 18. Rc7 Ke8 19. Bxb5+ Kf8 20. Ba4 Bxe4
21. Qc4 Bb7 22. Rxe7 1-0

[Event "3MCR_4D_2LB_1S"]
[Site "?"]
[Date "1999.??.??"]
[Round "1"]
[White "Omelka, Roman"]
[Black "Straka, Zdenek"]
[Result "0-1"]
[WhiteElo "2170"]
[BlackElo "2265"]
[PlyCount "68"]
[EventDate "1999.??.??"]
[EventType "corr"]

1. e4 c5 2. Nf3 Nc6 3. d4 cxd4 4. Nxd4 Nf6 5. Nc3 e5 6. Ndb5 d6 7. Bg5 a6 8.
Na3 b5 9. Bxf6 gxf6 10. Nd5 Bg7 11. Bd3 Ne7 12. Nxe7 Qxe7 13. c3 f5 14. Nc2 Qb7
15. Qf3 O-O 16. Ne3 f4 17. Nd5 Be6 18. g4 b4 19. Rb1 Rfc8 20. Nxb4 Rc5 21. Rg1
a5 22. Nd5 Rxd5 23. exd5 Bxd5 24. Qd1 Bxa2 25. Ra1 Qxb2 26. Kf1 d5 27. Qc2
Qxa1+ 28. Kg2 f3+ 29. Kh1 Bb1 30. Rxb1 Qa3 31. Bxh7+ Kh8 32. Bf5 Qc5 33. Qa2 e4
34. Rd1 Rb8 0-1

[Event "3MCR_4D_2LB_1S"]
[Site "?"]
[Date "1999.??.??"]
[Round "1"]
[White "Sebek, Pavel"]
[Black "Kolar, Pavel"]
[Result "0-1"]
[WhiteElo "2065"]
[BlackElo "2180"]
[PlyCount "58"]
[EventDate "1999.??.??"]
[EventType "corr"]

1. e4 e5 2. Nf3 Nf6 3. d4 Nxe4 4. Bd3 d5 5. Nxe5 Nd7 6. Nxd7 Bxd7 7. O-O Bd6 8.
c4 c6 9. cxd5 cxd5 10. Qh5 O-O 11. Qxd5 Bc6 12. Qh5 g6 13. Qh3 Qb6 14. Bxe4
Bxe4 15. Be3 Qxb2 16. Nd2 Bd5 17. Nf3 Rfe8 18. Ng5 h5 19. g4 Qe2 20. gxh5 Rxe3
21. f3 Re7 22. hxg6 Qe3+ 23. Kh1 fxg6 24. Qg4 Qd2 25. Qh3 Qxg5 26. Rg1 Qf6 27.
Rxg6+ Qxg6 28. Rg1 Qxg1+ 29. Kxg1 Rae8 0-1

[Event "3MCR_4D_2LB_1S"]
[Site "?"]
[Date "1999.??.??"]
[Round "1"]
[White "Michalek, Frantisek"]
[Black "Hlavacek, Rudolf"]
[Result "1/2-1/2"]
[WhiteElo "2185"]
[BlackElo "2250"]
[PlyCount "44"]
[EventDate "1999.??.??"]
[EventType "corr"]

1. e4 e6 2. d4 d5 3. Nc3 Bb4 4. e5 c5 5. a3 Bxc3+ 6. bxc3 Ne7 7. Nf3 Bd7 8. a4
Qa5 9. Bd2 Nbc6 10. Bd3 c4 11. Be2 f6 12. O-O fxe5 13. Nxe5 Nxe5 14. dxe5 O-O
15. Bg4 Nf5 16. Qb1 Bc6 17. Qb4 Qc7 18. Rae1 a5 19. Qa3 Qd7 20. Ra1 Qf7 21. f3
Qg6 22. Qc5 Kh8 1/2-1/2

[Event "3MCR_4D_2LB_1S"]
[Site "?"]
[Date "1999.??.??"]
[Round "1"]
[White "Zitek, Svatoslav"]
[Black "Michalek, Frantisek"]
[Result "1-0"]
[WhiteElo "1800"]
[BlackElo "2185"]
[PlyCount "45"]
[EventDate "1999.??.??"]
[EventType "corr"]

1. e4 e5 2. Nf3 Nc6 3. d4 exd4 4. c3 d5 5. exd5 Qxd5 6. cxd4 Bb4+ 7. Nc3 Nge7
8. Be2 Bg4 9. O-O Qd7 10. d5 Bxc3 11. dxc6 Qxd1 12. Rxd1 Bxf3 13. gxf3 Be5 14.
cxb7 Rb8 15. Ba6 O-O 16. f4 Bd6 17. Be3 Nc6 18. a3 Rbd8 19. Rac1 Nb8 20. Bf1 a6
21. Rc4 g5 22. Rcd4 Nc6 23. Rd5 1-0

[Event "3MCR_4D_2LB_1S"]
[Site "?"]
[Date "1999.??.??"]
[Round "1"]
[White "Omelka, Roman"]
[Black "Michalek, Frantisek"]
[Result "1/2-1/2"]
[WhiteElo "2170"]
[BlackElo "2185"]
[PlyCount "59"]
[EventDate "1999.??.??"]
[EventType "corr"]

1. e4 e5 2. Nf3 Nc6 3. Bb5 a6 4. Ba4 Nf6 5. d4 exd4 6. O-O Be7 7. e5 Ne4 8.
Nxd4 Nxd4 9. Qxd4 Nc5 10. Nc3 O-O 11. Bg5 Bxg5 12. Qxc5 Be7 13. Qe3 d5 14. Rad1
c6 15. Ne2 Bg4 16. f3 Be6 17. c3 Qd7 18. Bb3 f6 19. c4 fxe5 20. cxd5 cxd5 21.
Bxd5 Bxd5 22. Nc3 Qc6 23. Rxd5 Rad8 24. Rfd1 Rxd5 25. Rxd5 Bd8 26. Kh1 Bb6 27.
Qe4 Bd4 28. h3 Qh6 29. Ne2 Bxb2 30. Qb4 1/2-1/2

[Event "3MCR_4D_2LB_1S"]
[Site "?"]
[Date "1999.??.??"]
[Round "1"]
[White "Straka, Zdenek"]
[Black "Hlavacek, Rudolf"]
[Result "1/2-1/2"]
[WhiteElo "2265"]
[BlackElo "2250"]
[PlyCount "70"]
[EventDate "1999.??.??"]
[EventType "corr"]

1. e4 e6 2. d4 d5 3. Nc3 Bb4 4. e5 c5 5. a3 Bxc3+ 6. bxc3 Ne7 7. Qg4 O-O 8. Bd3
Nbc6 9. Bg5 Qa5 10. Ne2 cxd4 11. f4 Nf5 12. Bf6 Nce7 13. Bxe7 Nxe7 14. Bxh7+
Kxh7 15. Qh4+ Kg8 16. Qxe7 b6 17. Rd1 Ba6 18. Nxd4 Rac8 19. Qb4 Rxc3 20. Qxa5
bxa5 21. Kd2 Rfc8 22. Ra1 R3c4 23. Ke3 Ra4 24. g3 Rcc4 25. Rhd1 Rc3+ 26. Kd2
Rcxa3 27. Rxa3 Rxa3 28. Rb1 Ra4 29. Rb8+ Kh7 30. Nf3 Rb4 31. Rf8 a4 32. h4 a3
33. h5 f6 34. exf6 gxf6 35. Rxf6 a2 1/2-1/2

[Event "3MCR_4D_2LB_1S"]
[Site "?"]
[Date "1999.??.??"]
[Round "1"]
[White "Straka, Zdenek"]
[Black "Biolek, Richard"]
[Result "1/2-1/2"]
[WhiteElo "2265"]
[BlackElo "2130"]
[PlyCount "56"]
[EventDate "1999.??.??"]
[EventType "corr"]

1. d4 d6 2. Nf3 g6 3. c4 Bg7 4. Nc3 e5 5. dxe5 dxe5 6. Qxd8+ Kxd8 7. Bg5+ f6 8.
O-O-O+ Bd7 9. Be3 Bh6 10. Bxh6 Nxh6 11. e3 Na6 12. Ne4 Rf8 13. c5 Ke7 14. Bxa6
bxa6 15. Nc3 Be6 16. Rd2 Rfd8 17. Rhd1 Nf7 18. Kc2 Rab8 19. b3 g5 20. Ne1 Rxd2+
21. Rxd2 Nd8 22. Kc1 Nc6 23. e4 Nd4 24. Nc2 Nxc2 25. Kxc2 h5 26. Kd1 h4 27. f3
g4 28. Ke2 gxf3+ 1/2-1/2

[Event "3MCR_4D_2LB_1S"]
[Site "?"]
[Date "1999.??.??"]
[Round "1"]
[White "Horacek, Jiri"]
[Black "Omelka, Roman"]
[Result "1/2-1/2"]
[WhiteElo "2185"]
[BlackElo "2170"]
[PlyCount "46"]
[EventDate "1999.??.??"]
[EventType "corr"]

1. e4 d6 2. d4 Nf6 3. Nc3 g6 4. Nf3 Bg7 5. Be2 O-O 6. O-O c6 7. h3 Qc7 8. a4 e5
9. dxe5 dxe5 10. Bc4 Nh5 11. Be3 Nf4 12. Qb1 Be6 13. Qa2 Na6 14. Qb3 Qe7 15.
Rfd1 Qb4 16. Bxe6 Nxe6 17. Qxb4 Nxb4 18. Rac1 Rfd8 19. Rxd8+ Nxd8 20. Ne1 Ne6
21. Rd1 Nd4 22. Rd2 Na6 23. a5 Rd8 1/2-1/2

[Event "3MCR_4D_2LB_1S"]
[Site "?"]
[Date "1999.??.??"]
[Round "1"]
[White "Biolek, Richard"]
[Black "Janous, Petr"]
[Result "1/2-1/2"]
[WhiteElo "2130"]
[BlackElo "2000"]
[PlyCount "49"]
[EventDate "1999.??.??"]
[EventType "corr"]

1. c4 e5 2. Nc3 Nc6 3. Nf3 Nf6 4. g3 d5 5. cxd5 Nxd5 6. Bg2 Nb6 7. O-O Be7 8.
d3 O-O 9. a3 Be6 10. b4 Nd4 11. Bb2 Bb3 12. Qc1 Nxf3+ 13. Bxf3 c6 14. Ne4 f6
15. Nd2 Be6 16. Qc2 a5 17. bxa5 Rxa5 18. Bc3 Ra6 19. Rfb1 Qd7 20. Bb4 Rfa8 21.
Bxe7 Qxe7 22. Ne4 Na4 23. Rc1 Ra5 24. h4 h6 25. g4 1/2-1/2

[Event "3MCR_4D_2LB_1S"]
[Site "?"]
[Date "1999.??.??"]
[Round "1"]
[White "Svoboda, František"]
[Black "Biolek, Richard"]
[Result "1/2-1/2"]
[WhiteElo "2445"]
[BlackElo "2130"]
[PlyCount "58"]
[EventDate "1999.??.??"]
[EventType "corr"]

1. c4 e5 2. Nc3 Nc6 3. Nf3 f5 4. d4 e4 5. Nd2 Nf6 6. e3 Bb4 7. Qc2 Ne7 8. Be2
c6 9. O-O d5 10. c5 Ba5 11. Rb1 O-O 12. b4 Bc7 13. b5 f4 14. exf4 Bxf4 15. Nb3
Ng6 16. bxc6 bxc6 17. f3 exf3 18. Rxf3 Ng4 19. Bxf4 Nxf4 20. Rbf1 Qc7 21. Rg3
Nxe2+ 22. Qxe2 Rxf1+ 23. Qxf1 Bd7 24. Qd3 Rf8 25. Ne2 Bc8 26. h3 Nf2 27. Qe3
Ba6 28. Rf3 Rxf3 29. Qxf3 Bxe2 1/2-1/2

[Event "3MCR_4D_2LB_1S"]
[Site "?"]
[Date "1999.??.??"]
[Round "1"]
[White "Konicek, Petr"]
[Black "Kolar, Pavel"]
[Result "0-1"]
[WhiteElo "2035"]
[BlackElo "2180"]
[PlyCount "66"]
[EventDate "1999.??.??"]
[EventType "corr"]

1. c4 e6 2. Nc3 d5 3. d4 f5 4. cxd5 exd5 5. Bf4 c6 6. Nf3 Nf6 7. e3 Qa5 8. Be2
Nbd7 9. O-O Ne4 10. Nxe4 fxe4 11. Ng5 Nf6 12. a3 Be7 13. b4 Qd8 14. Rc1 O-O 15.
h4 h6 16. Nh3 Bxh3 17. gxh3 Qd7 18. Kh2 Bd6 19. Bg3 a5 20. Rb1 axb4 21. Bxd6
Qxd6+ 22. Kg2 Rxa3 23. Qd2 b3 24. Qc3 b5 25. Rxb3 Rxb3 26. Qxb3 Nd7 27. Bg4 Nb6
28. f4 exf3+ 29. Rxf3 Rxf3 30. Bxf3 Nc4 31. Qd3 Qe6 32. e4 Qg6+ 33. Kf2 Nd6 0-1

[Event "3MCR_4D_2LB_1S"]
[Site "?"]
[Date "1999.??.??"]
[Round "1"]
[White "Kolar, Pavel"]
[Black "Svoboda, František"]
[Result "0-1"]
[WhiteElo "2180"]
[BlackElo "2445"]
[PlyCount "58"]
[EventDate "1999.??.??"]
[EventType "corr"]

1. e4 e6 2. d4 d5 3. Nc3 Bb4 4. e5 c5 5. a3 Bxc3+ 6. bxc3 Ne7 7. Qg4 Qc7 8.
Qxg7 Rg8 9. Qxh7 cxd4 10. Ne2 Nbc6 11. f4 Bd7 12. Qd3 dxc3 13. Rb1 O-O-O 14.
Nxc3 Na5 15. h3 a6 16. g4 Ng6 17. Qd4 Nh4 18. Kf2 Bc6 19. Bd3 Nc4 20. Ne2 Rh8
21. Rh2 Rdf8 22. Qc3 Nf3 23. Rh1 Rfg8 24. g5 Rh4 25. Rb4 b5 26. Qb3 Rgh8 27. a4
Rxh3 28. Rxh3 Rxh3 29. Kg2 Qb6 0-1

[Event "3MCR_4D_2LB_1S"]
[Site "?"]
[Date "1999.??.??"]
[Round "1"]
[White "Svoboda, František"]
[Black "Pech, Jaroslav ml"]
[Result "1-0"]
[WhiteElo "2445"]
[BlackElo "1835"]
[PlyCount "47"]
[EventDate "1999.??.??"]
[EventType "corr"]

1. c4 c5 2. Nc3 Nc6 3. Nf3 Nf6 4. d4 cxd4 5. Nxd4 e6 6. g3 Qb6 7. Ndb5 Ne5 8.
Bf4 Nfg4 9. e3 Qc6 10. h3 Qxh1 11. hxg4 Nf3+ 12. Ke2 e5 13. Nc7+ Kd8 14. Nxa8
exf4 15. Qa4 Ng1+ 16. Kd3 fxg3 17. Qxa7 Qc6 18. Qa5+ b6 19. Nxb6 gxf2 20. Nbd5+
Ke8 21. Nc7+ Kd8 22. N3d5 d6 23. Ne6+ Kd7 24. Nd4 1-0

[Event "3MCR_4D_2LB_1S"]
[Site "?"]
[Date "1999.??.??"]
[Round "1"]
[White "Sebek, Pavel"]
[Black "Horacek, Jiri"]
[Result "0-1"]
[WhiteElo "2065"]
[BlackElo "2185"]
[PlyCount "54"]
[EventDate "1999.??.??"]
[EventType "corr"]

1. e4 e5 2. Nf3 Nc6 3. Bb5 a6 4. Ba4 Nf6 5. O-O Be7 6. Re1 b5 7. Bb3 d6 8. c3
O-O 9. d4 Bg4 10. Re3 d5 11. Qd3 dxe4 12. Rxe4 Bf5 13. Nbd2 exd4 14. Ng5 Nxe4
15. Ngxe4 dxc3 16. Qxc3 Nd4 17. Bd1 Re8 18. Kf1 Qd5 19. Bf3 Rad8 20. Nf6+ Bxf6
21. Bxd5 Nc2 22. Bxf7+ Kxf7 23. Qb3+ Re6 24. f3 Nxa1 25. Qa3 Rc6 26. b4 Rd3 27.
Nb3 Nxb3 0-1

[Event "3MCR_4D_2LB_1S"]
[Site "?"]
[Date "1999.??.??"]
[Round "1"]
[White "Klempar, Miloslav"]
[Black "Horacek, Jiri"]
[Result "1/2-1/2"]
[WhiteElo "2290"]
[BlackElo "2185"]
[PlyCount "63"]
[EventDate "1999.??.??"]
[EventType "corr"]

1. d4 d5 2. c4 e6 3. Nc3 Nf6 4. Bg5 Be7 5. Nf3 O-O 6. e3 h6 7. Bxf6 Bxf6 8. Rc1
c6 9. Bd3 Nd7 10. O-O dxc4 11. Bxc4 e5 12. h3 exd4 13. exd4 Nb6 14. Bb3 Re8 15.
Re1 Bf5 16. Rxe8+ Qxe8 17. Qd2 Rd8 18. Re1 Qd7 19. Qe2 Nd5 20. Ne4 Qe7 21.
Nxf6+ Qxf6 22. Bxd5 cxd5 23. Qe7 Qxe7 24. Rxe7 Rd7 25. Re8+ Kh7 26. g4 Bb1 27.
a3 Rc7 28. Rb8 b6 29. Ra8 Be4 30. Nd2 Rc1+ 31. Kh2 Bd3 32. Nf3 1/2-1/2

[Event "3MCR_4D_2LB_1S"]
[Site "?"]
[Date "1999.??.??"]
[Round "1"]
[White "Ridky, Vladimir"]
[Black "Pech, Jaroslav ml"]
[Result "1-0"]
[WhiteElo "2215"]
[BlackElo "1835"]
[PlyCount "53"]
[EventDate "1999.??.??"]
[EventType "corr"]

1. d4 d5 2. c4 c6 3. Nc3 Nf6 4. Nf3 e6 5. e3 Nbd7 6. Qc2 Bd6 7. Bd3 O-O 8. O-O
dxc4 9. Bxc4 e5 10. h3 exd4 11. exd4 Nb6 12. Bb3 Qc7 13. Re1 g6 14. Nh4 Nbd5
15. Bh6 Rd8 16. Bg5 Nb4 17. Qd1 Kg7 18. Qf3 Be7 19. Rxe7 Qxe7 20. Ne4 Rd6 21.
Qf4 Nbd5 22. Bxd5 Nxd5 23. Bh6+ Kg8 24. Qxd6 Qxd6 25. Nxd6 b6 26. Rc1 Bd7 27.
Nf3 1-0

[Event "3MCR_4D_2LB_1S"]
[Site "?"]
[Date "1999.??.??"]
[Round "1"]
[White "Konicek, Petr"]
[Black "Svoboda, František"]
[Result "0-1"]
[WhiteElo "2035"]
[BlackElo "2445"]
[PlyCount "76"]
[EventDate "1999.??.??"]
[EventType "corr"]

1. c4 e5 2. Nf3 Nc6 3. d4 e4 4. d5 exf3 5. dxc6 fxg2 6. cxd7+ Qxd7 7. Qxd7+
Bxd7 8. Bxg2 O-O-O 9. O-O Nf6 10. Bg5 Be6 11. e4 Bc5 12. Na3 h6 13. Bf4 Nh5 14.
Be3 Bxe3 15. fxe3 Nf6 16. h3 Rd3 17. Rae1 Rhd8 18. b3 a6 19. Rf2 Nd7 20. Bf1
Rd6 21. Nb1 Ne5 22. Nc3 f6 23. Kg2 b6 24. Nd5 Kb7 25. b4 R6d7 26. Rc2 Bf7 27.
c5 Bxd5 28. exd5 Rxd5 29. Kg3 Rd1 30. Bg2+ c6 31. Ree2 b5 32. Rc3 R8d3 33. Rcc2
Ra3 34. Rcd2 Rxd2 35. Rxd2 Rxe3+ 36. Kf4 Rd3 37. Rxd3 Nxd3+ 38. Kf5 Nxb4 0-1

[Event "3MCR_4D_2LB_1S"]
[Site "?"]
[Date "1999.??.??"]
[Round "1"]
[White "Klempar, Miloslav"]
[Black "Omelka, Roman"]
[Result "1-0"]
[WhiteElo "2290"]
[BlackElo "2170"]
[PlyCount "51"]
[EventDate "1999.??.??"]
[EventType "corr"]

1. d4 Nf6 2. c4 g6 3. Nc3 Bg7 4. e4 d6 5. f3 O-O 6. Be3 e5 7. d5 c6 8. Qd2 cxd5
9. cxd5 Na6 10. Bxa6 bxa6 11. Nge2 Nh5 12. Rc1 f5 13. exf5 gxf5 14. O-O Rf7 15.
f4 Nf6 16. h3 e4 17. Nd4 Qe8 18. Rfd1 Rc7 19. Qe2 Qf7 20. Rc2 Kh8 21. Qf1 Qg6
22. Rcd2 Bh6 23. Ne6 Re7 24. Bd4 Kg8 25. g4 Bb7 26. Rg2 1-0

[Event "3MCR_4D_2LB_1S"]
[Site "?"]
[Date "1999.??.??"]
[Round "1"]
[White "Straka, Zdenek"]
[Black "Konicek, Petr"]
[Result "1/2-1/2"]
[WhiteElo "2265"]
[BlackElo "2035"]
[PlyCount "92"]
[EventDate "1999.??.??"]
[EventType "corr"]

1. d4 Nf6 2. Nf3 g6 3. c4 Bg7 4. e4 d6 5. Nc3 O-O 6. h3 Nbd7 7. Bg5 e5 8. d5
Nc5 9. Nd2 Qd7 10. g4 Ne8 11. Rg1 f5 12. gxf5 gxf5 13. b4 Nxe4 14. Ndxe4 fxe4
15. Nxe4 Qf7 16. Be3 Kh8 17. Ng5 Qf6 18. Rc1 h6 19. Qh5 Bf5 20. Nf3 Qf7 21. Qh4
Bh7 22. Be2 Qf6 23. Qh5 Qf5 24. Nh4 Qf7 25. Qxf7 Rxf7 26. Bh5 Re7 27. Ke2 a5
28. b5 b6 29. Rg3 Nf6 30. Ng6+ Bxg6 31. Bxg6 Rf8 32. Rcg1 Ng8 33. Rg4 Bf6 34.
R1g3 Rg7 35. h4 Bd8 36. h5 Be7 37. f4 Nf6 38. fxe5 Nxg4 39. Rxg4 dxe5 40. Bxh6
Bc5 41. Rg2 Rf6 42. Bxg7+ Kxg7 43. Kd3 Rf4 44. Be8+ Kh8 45. Bg6 Rd4+ 46. Ke3
Rf4+ 1/2-1/2

[Event "3MCR_4D_2LB_1S"]
[Site "?"]
[Date "1999.??.??"]
[Round "1"]
[White "Ridky, Vladimir"]
[Black "Kolar, Pavel"]
[Result "1/2-1/2"]
[WhiteElo "2215"]
[BlackElo "2180"]
[PlyCount "34"]
[EventDate "1999.??.??"]
[EventType "corr"]

1. d4 f5 2. c4 Nf6 3. Nf3 e6 4. e3 b6 5. Bd3 Bb7 6. O-O Bd6 7. Nc3 O-O 8. Qe2
Bb4 9. Bd2 Bxc3 10. Bxc3 Ne4 11. Bb4 d6 12. Ba3 Nd7 13. Rad1 Qf6 14. Bc2 Qg6
15. Ne1 Nef6 16. f3 Rfe8 17. Nd3 Rad8 1/2-1/2

[Event "3MCR_4D_2LB_1S"]
[Site "?"]
[Date "1999.??.??"]
[Round "1"]
[White "Horacek, Jiri"]
[Black "Straka, Zdenek"]
[Result "1/2-1/2"]
[WhiteElo "2185"]
[BlackElo "2265"]
[PlyCount "68"]
[EventDate "1999.??.??"]
[EventType "corr"]

1. e4 e6 2. d4 d5 3. Nd2 Nf6 4. e5 Nfd7 5. Bd3 c5 6. c3 Nc6 7. Ne2 cxd4 8. cxd4
Qb6 9. Nf3 f6 10. exf6 Nxf6 11. O-O Bd6 12. Nc3 O-O 13. Be3 Bd7 14. a3 Be8 15.
Ng5 Ne7 16. Re1 Bd7 17. Na4 Bxa4 18. Qxa4 Nf5 19. g3 Rfc8 20. Rab1 Re8 21. b4
g6 22. Qb5 Ng4 23. Qxb6 axb6 24. Bb5 Re7 25. Rb3 Rc8 26. Nf3 Rf7 27. Ng5 Re7
28. Bd3 h6 29. Nf3 Ngxe3 30. fxe3 Rf7 31. Kg2 Rcf8 32. Bxf5 exf5 33. Rc1 Re7
34. Rbc3 Kg7 1/2-1/2

[Event "3MCR_4D_2LB_1S"]
[Site "?"]
[Date "1999.??.??"]
[Round "1"]
[White "Zitek, Svatoslav"]
[Black "Straka, Zdenek"]
[Result "0-1"]
[WhiteElo "1800"]
[BlackElo "2265"]
[PlyCount "94"]
[EventDate "1999.??.??"]
[EventType "corr"]

1. e4 e6 2. d4 d5 3. e5 c5 4. c3 Nc6 5. Nf3 Qb6 6. Bd3 cxd4 7. cxd4 Bd7 8. O-O
Nxd4 9. Nxd4 Qxd4 10. Nc3 a6 11. Qe2 Ne7 12. Kh1 Nc6 13. f4 Nb4 14. Rd1 Nxd3
15. Rxd3 Qc4 16. b3 Qc7 17. Bb2 b5 18. Rc1 Qb7 19. f5 Rc8 20. Rf1 b4 21. fxe6
Bxe6 22. Nd1 Be7 23. Ne3 O-O 24. Nf5 Bxf5 25. Rxf5 Qc6 26. Rf1 Qe6 27. Qd2 Rfd8
28. Rd1 h6 29. h3 Rc5 30. Bd4 Rc6 31. Be3 Rdc8 32. Rxd5 Rc2 33. Qd4 Rxa2 34.
Bd2 Rcc2 35. Qe4 Rab2 36. Bxb4 f5 37. Qf4 Bxb4 38. Qxb4 Rxg2 39. Qd6 Rh2+ 40.
Kg1 Rbg2+ 41. Kf1 Rf2+ 42. Ke1 Qf7 43. R1d2 Rxd2 44. Rxd2 Rh1+ 45. Kf2 Qxb3 46.
Qd5+ Qxd5 47. Rxd5 Rxh3 0-1